01826 2200793 4500001002100000005001500021035002000036007000300056008004100059020002200100082001000122084001600132100001900148245008300167260003100250300003200281650004500313700002400358990001300382990001300395990001300408990001300421990001300434990001300447990001300460990001300473990001300486990001300499990001300512990001300525990001300538990001300551990001300564990001300577990001300590990001300603990001300616990001300629990001300642990001300655990001300668990001300681990001300694990001300707990001300720990001300733990001300746990001300759990001300772990001300785990001300798990001300811990001300824990001300837990001300850990001300863990001300876990001300889990001300902990001300915990001300928990001300941990001300954990001300967990001300980990001300993990001301006990001301019INLIS00000000000093620230223063847 a0010-0223000161ta230223 g 0 ind  a978-602-486-667-9 a373.1 a373.1 TIM e0 aTim PROGRESIF,1 aErlangga X- Press UN SMA/MA 2020 ekonomi /cTim PROGRESIF, Surip, S.E M, S.Pd. aJakarta :bErlangga,c2019 a244 hlm. :bIlus ;c26 cm . 4aErlangga X- Press UN SMA/MA 2020 ekonomi0 aSurip, S.E M, S.Pd. a18021802 a18021802 a18021802 a18021802 a18021802 a18021802 a18021802 a18021802 a18021802 a18021802 a18021802 a18021802 a18021802 a18021802 a18021802 a18021802 a18021802 a18021802 a18021802 a18021802 a18021802 a18021802 a18021802 a18021802 a18021802 a18021802 a18021802 a18021802 a18021802 a18021802 a18021802 a18021802 a18021802 a18021802 a18021802 a18021802 a18021802 a18021802 a18021802 a18021802 a18021802 a18021802 a18021802 a18021802 a18021802 a18021802 a18021802 a18021802 a18021802 a18021802